The friendly Shakespeare : a throughly painless guide to the best of the bard

Bibliographic Details
Main Author: Epstein, Norrie
Format: Book
Published: New York : Penguin Group , 1993
Subjects:

MARC

LEADER 00000cam a2200000 7i4500
001 0000001552
002 000001698
005 20091006.0
020 |a 0670844470 
090 0 0 |a 822.33   |b EPS 
100 0 |a Epstein, Norrie 
245 1 4 |a The friendly Shakespeare :   |b a throughly painless guide to the best of the bard   |c Norrie Epstein 
260 |a New York :   |b Penguin Group ,   |c 1993 
300 |a 550p. ;   |c 24cm. 
600 1 0 |a Shakespeare, hWilliam ,   |d 1564-1616   |x Quotations 
650 0 0 |a Quotations, English 
650 0 0 |a Study and teaching 
650 0 0 |a William Shakespeare   |x Outlines,Syllabi,ect 
999 |a 034497   |b BUKU   |c PINJAMAN   |e PERPUSTAKAAN KOMUNITI PETALING JAYA